| 000 -LEADER |
| fixed length control field |
02969 a2200193 4500 |
| 020 ## - INTERNATIONAL STANDARD BOOK NUMBER |
| International Standard Book Number |
0803992734 |
| 020 ## - INTERNATIONAL STANDARD BOOK NUMBER |
| International Standard Book Number |
9780803992733 |
| 082 04 - DEWEY DECIMAL CLASSIFICATION NUMBER |
| Classification number |
361.25 |
| 090 ## - LOCALLY ASSIGNED LC-TYPE CALL NUMBER (OCLC); LOCAL CALL NUMBER (RLIN) |
| -- |
1220 |
| -- |
1220 |
| 100 1# - MAIN ENTRY--PERSONAL NAME |
| Personal name |
Rao, T V. |
| 245 10 - TITLE STATEMENT |
| Title |
Human resources development : |
| Remainder of title |
experiences, interventions, strategies / |
| Statement of responsibility, etc. |
T V Rao. |
| 260 ## - PUBLICATION, DISTRIBUTION, ETC. |
| Place of publication, distribution, etc. |
[S.l.] : |
| Name of publisher, distributor, etc. |
Sage Publications Pvt. Ltd, |
| Date of publication, distribution, etc. |
1996. |
| 300 ## - PHYSICAL DESCRIPTION |
| Extent |
396 p. ; |
| Dimensions |
25 cm. |
| 500 ## - GENERAL NOTE |
| General note |
Hardcover. |
| 520 ## - SUMMARY, ETC. |
| Summary, etc. |
"Rao's account has a more Indian focus. His book enhances our understanding of the important role of human resource development (HRD) in order to optimise our outputs at every stage through an organised system of management training at the individual, organisational and national level. . . . The scope of the book is vast and varied. . . . [A] well documented account." --Business World "One cannot but applaud Prof. Rao's work. If you are looking for a book which addresses recruitment, renumeration and retention practices, this is not the book for you. This book gives a very broad definition of HRD: "Creating conditions that enable people to get the best out of themselves and their lives". And therein lies a tale, which Prof Rao tells with authority and conviction.... This book reaches out primarily to management scholars, policy-makers and development professionals. For this audience, the book is a must-read. And it would also be unwise to dismiss the work as having no relevance to a practicing professional.... The book is unusual and innovative because it takes a giant leap from the traditional corporate scope of HRD to a wide international canvas.... This book in terms of concepts, scope, relevance and research is like champagne." --Business Line Human resource development (HRD) is crucial for the progress of a nation and for alleviating poverty. Countries that have developed their people by investing in education, health, and science and technology have achieved considerable success, therefore, governments must accord the highest priority to this area. Based on this premise, Human Resources Development examines the experiences of both developing and developed nations. Author T. V. Rao identifies critical areas and important target groups for HRD interventions and discusses a variety of approaches for developing human resources at the national level. He highlights the interdependent and interrelated nature of HRD variables, strategies, and processes and argues for an integrated and coordinated approach, while also exploring evidence linking HRD variables with economic development variables. Researchers and scholars in human resources development, personnel management, management studies, development studies, and policy studies will appreciate this book's grounded approach. |
| 856 40 - ELECTRONIC LOCATION AND ACCESS |
| Materials specified |
Amazon.com |
| Uniform Resource Identifier |
<a href="http://www.amazon.com/exec/obidos/ASIN/0803992734/chopaconline-20">http://www.amazon.com/exec/obidos/ASIN/0803992734/chopaconline-20</a> |
| 856 40 - ELECTRONIC LOCATION AND ACCESS |
| Materials specified |
Amazon customer reviews |
| Uniform Resource Identifier |
<a href="http://www.chopac.org/cgi-bin/tools/azrev.pl?q=0803992734">http://www.chopac.org/cgi-bin/tools/azrev.pl?q=0803992734</a> |
| 942 ## - ADDED ENTRY ELEMENTS (KOHA) |
| Institution code [OBSOLETE] |
NBS |
| Koha item type |
Book |
| Call number prefix |
361.25 VEN |